00233nam a2200097Ia 4500008004100000100000900041245005200050260000900102942000700111999001700118190216s9999||||xx |||||||||||||| ||und|| aNull 0aHindi-Guru Varnan Parpas Aur Senapathi Ka Kavya bNull cBK c17439d17439